| 000 | 00346nam a22001457a 4500 | ||
|---|---|---|---|
| 008 | 221012b ||||| |||| 00| 0 eng d | ||
| 020 | _a9780070498419 | ||
| 041 | _aeng | ||
| 080 |
_2SEVENTH EDITION _a51 |
||
| 082 | _a51 PER | ||
| 100 | _a20.1 | ||
| 101 | _aENER | ||
| 245 |
_aPERRY'S CHEMICAL ENERGINEERS HANBOOK _cPERRY R |
||
| 942 |
_2udc _cBK |
||
| 999 |
_c58518 _d58518 |
||